000 00573nam a2200205Ia 4500
005 20250923150104.0
008 008 250917s9999 xx 000 0 eng d
037 _aTextual
040 _aDSWL
_beng
_cDSWL
041 _aeng
_2eng
084 _aY73(Q7):5.2
_qDSWL
100 _aMistry, M B
_9842097
245 0 _aMuslim fertility in India: A miero study
_c by M B Mistry
260 _aNew Delhi
_b Lust of Objective Studies
_c2001
300 _a325p.
365 _aINR
_b270
925 _g270
942 _cTEXL
_hY73(Q7):5.2
999 _c1459420
_d1459420